| 000 | 01180nam a2200385 c 4500 | ||
|---|---|---|---|
| 999 |
_c50334 _d50334 |
||
| 001 | 50334 | ||
| 003 | ES-MaCES | ||
| 005 | 20171215110311.0 | ||
| 008 | 171212s2017 sp 000 | spa d | ||
| 017 |
_aB 18440-2017 _bDL |
||
| 020 | _a9788498887952 | ||
| 040 |
_aES-MaCES _bspa _cES-MaCES |
||
| 245 | 0 | 3 |
_aLa ciudad agraria _b: agricultura urbana y soberanía alimentaria _cGuillem Tendero (coord.) |
| 260 |
_aBarcelona _bIcaria _c[2017] |
||
| 300 |
_a143 p. _c22 cm |
||
| 490 | 1 |
_aPerspectivas agroecológicas _v17 |
|
| 504 | _aBibliografía | ||
| 541 | _cCompra | ||
| 650 | 4 |
_aciudad _928617 |
|
| 650 | 4 |
_azona urbana _928618 |
|
| 650 | 4 |
_aecoagricultura _930340 |
|
| 650 | 4 |
_adesarrollo agrícola _927491 |
|
| 650 | 4 |
_adesarrollo urbano _928619 |
|
| 650 | 4 |
_anivel local _927220 |
|
| 650 | 4 |
_adesarrollo sostenible _930785 |
|
| 650 | 4 |
_aseguridad alimentaria _928667 |
|
| 650 | 4 |
_aBarcelona _930805 |
|
| 650 | 4 |
_aCuba _926867 |
|
| 650 | 4 |
_aestudio de casos _928846 |
|
| 653 | 1 | 0 | _aAgricultura-Ganadería |
| 700 | 1 |
_938804 _aTendero, Guillem _ecoord. |
|
| 830 | 0 |
_aPerspectivas agroecológicas _v17 _938788 |
|
| 902 | _aLIB Libro | ||
| 942 |
_2CES _cBK _h5.0. |
||